000 00716nam a2200205 a 4500
001 000022555
005 20200930021655.0
008 101013s2007 sp 000 0 spa d
020 _a9788493521967
040 _aDO-SdBNP
_bspa
_cBNPHU
082 _axxx
_bE77c
100 1 _aEspinosa Chepe, Oscar
_946424
245 1 0 _aCuba : ¿revolución o involución? :
_b¿revolución o involución? /
_cOscar Espinosa Chepe; introducción Joaquín P. Pujol; prólogo Camelo Mesa Lago.
260 _aValencia :
_bAduana Vieja,
_c2007.
300 _a618 p. ;
_c20 cm.
504 _aBibliografías [ p. 615-618]
700 1 _aPujol, Joaquín P.
_epról.
_946425
700 1 _aEspinosa Chepe, Oscar
_eintr.
_946424
049 _aBNPD
999 _c22052
_d22052